Europäische Städte nach Bild - Statistiken

Allgemein
  • Dieses Quiz wurde 168 mal gespielt
    157 seit der letzten Aktualisierung
  • Das Durchschnittsergebnis liegt bei 15 aus 20
Antwortstatistiken
Bildquiz Antwort % Korrekt
Berlin
100%
Paris
100%
London
98%
Rom
98%
Athen
97%
Moskau
94%
Barcelona
85%
Brüssel
84%
Hamburg
84%
Kopenhagen
84%
Wien
83%
Istanbul
80%
Amsterdam
79%
Lissabon
72%
Vatikan
72%
Venedig
71%
Dubrovnik
46%
Prag
37%
Budapest
28%
Dresden
24%
Keine übereinstimmenden Quizze gefunden
Verteilung der Resultate
Anzahl Personen mit jedem Resultat
Perzentil nach korrekt beantworteten Fragen
Ihre Resultats-Entwicklung
Sie haben dieses Quiz seit der letzten Aktualisierung nicht gespielt